000 00369nam a2200145 i 4500
001 bg
100 1 _aKLISIŃSKI, M.
245 0 _aOpis niesprężystyuch deformacji i uszkodzenia betonu /
_cM.Klisiński,Z.Z.Mróz.
260 _aPoznań,
_c1988.
700 1 _aMRÓZ, Z.
040 _cBPK
041 _apol
942 _cKS
008 s pl f |000 0 pol
999 _c28766
_d28766
856 _uhttp://koha.tu.koszalin.pl/cgi-bin/koha/opac-detail.pl?biblionumber=28766
_yKatalog online BPK